<?xml version="1.0" encoding="UTF-8"?>
<collection xmlns="http://www.loc.gov/MARC21/slim">
<record>
  <controlfield tag="001">238126</controlfield>
  <controlfield tag="005">20260319130023.0</controlfield>
  <datafield tag="024" ind1="7" ind2=" ">
    <subfield code="a">10.1103/PhysRevAccelBeams.23.072801</subfield>
    <subfield code="2">doi</subfield>
  </datafield>
  <datafield tag="024" ind1="7" ind2=" ">
    <subfield code="a">1098-4402</subfield>
    <subfield code="2">ISSN</subfield>
  </datafield>
  <datafield tag="024" ind1="7" ind2=" ">
    <subfield code="a">2469-9888</subfield>
    <subfield code="2">ISSN</subfield>
  </datafield>
  <datafield tag="024" ind1="7" ind2=" ">
    <subfield code="a">10.15120/GSI-2021-00680</subfield>
    <subfield code="2">datacite_doi</subfield>
  </datafield>
  <datafield tag="024" ind1="7" ind2=" ">
    <subfield code="a">altmetric:77072755</subfield>
    <subfield code="2">altmetric</subfield>
  </datafield>
  <datafield tag="024" ind1="7" ind2=" ">
    <subfield code="a">WOS:000619055400003</subfield>
    <subfield code="2">WOS</subfield>
  </datafield>
  <datafield tag="037" ind1=" " ind2=" ">
    <subfield code="a">GSI-2021-00680</subfield>
  </datafield>
  <datafield tag="041" ind1=" " ind2=" ">
    <subfield code="a">English</subfield>
  </datafield>
  <datafield tag="082" ind1=" " ind2=" ">
    <subfield code="a">530</subfield>
  </datafield>
  <datafield tag="100" ind1="1" ind2=" ">
    <subfield code="a">Mirza, Sajjad Hussain</subfield>
    <subfield code="0">P:(DE-Ds200)OR8112</subfield>
    <subfield code="b">0</subfield>
    <subfield code="e">Corresponding author</subfield>
    <subfield code="u">gsi</subfield>
  </datafield>
  <datafield tag="245" ind1=" " ind2=" ">
    <subfield code="a">Performance of the closed orbit feedback systems with spatial model mismatch</subfield>
  </datafield>
  <datafield tag="260" ind1=" " ind2=" ">
    <subfield code="a">College Park, MD</subfield>
    <subfield code="c">2020</subfield>
    <subfield code="b">American Physical Society</subfield>
  </datafield>
  <datafield tag="336" ind1="7" ind2=" ">
    <subfield code="a">article</subfield>
    <subfield code="2">DRIVER</subfield>
  </datafield>
  <datafield tag="336" ind1="7" ind2=" ">
    <subfield code="a">Output Types/Journal article</subfield>
    <subfield code="2">DataCite</subfield>
  </datafield>
  <datafield tag="336" ind1="7" ind2=" ">
    <subfield code="a">Journal Article</subfield>
    <subfield code="b">journal</subfield>
    <subfield code="m">journal</subfield>
    <subfield code="0">PUB:(DE-HGF)16</subfield>
    <subfield code="s">1623356035_10234</subfield>
    <subfield code="2">PUB:(DE-HGF)</subfield>
  </datafield>
  <datafield tag="336" ind1="7" ind2=" ">
    <subfield code="a">ARTICLE</subfield>
    <subfield code="2">BibTeX</subfield>
  </datafield>
  <datafield tag="336" ind1="7" ind2=" ">
    <subfield code="a">JOURNAL_ARTICLE</subfield>
    <subfield code="2">ORCID</subfield>
  </datafield>
  <datafield tag="336" ind1="7" ind2=" ">
    <subfield code="a">Journal Article</subfield>
    <subfield code="0">0</subfield>
    <subfield code="2">EndNote</subfield>
  </datafield>
  <datafield tag="500" ind1=" " ind2=" ">
    <subfield code="a">Published under the terms of the Creative Commons Attribution 4.0 International license</subfield>
  </datafield>
  <datafield tag="536" ind1=" " ind2=" ">
    <subfield code="a">ARIES - Accelerator Research and Innovation for European Science and Society (730871)</subfield>
    <subfield code="0">G:(EU-Grant)730871</subfield>
    <subfield code="c">730871</subfield>
    <subfield code="f">H2020-INFRAIA-2016-1</subfield>
    <subfield code="x">0</subfield>
  </datafield>
  <datafield tag="536" ind1=" " ind2=" ">
    <subfield code="a">6G12 - FAIR (GSI) (POF4-6G12)</subfield>
    <subfield code="0">G:(DE-HGF)POF4-6G12</subfield>
    <subfield code="c">POF4-6G12</subfield>
    <subfield code="f">POF IV</subfield>
    <subfield code="x">1</subfield>
  </datafield>
  <datafield tag="588" ind1=" " ind2=" ">
    <subfield code="a">Dataset connected to CrossRef, Journals: repository.gsi.de</subfield>
  </datafield>
  <datafield tag="693" ind1=" " ind2=" ">
    <subfield code="1">EXP:(DE-Ds200)Altdaten-20200803</subfield>
    <subfield code="0">EXP:(DE-Ds200)Altdaten-20200803</subfield>
    <subfield code="a">Facility Altdaten therefore no facility</subfield>
    <subfield code="x">0</subfield>
  </datafield>
  <datafield tag="700" ind1="1" ind2=" ">
    <subfield code="a">Singh, Rahul</subfield>
    <subfield code="0">P:(DE-Ds200)OR3231</subfield>
    <subfield code="b">1</subfield>
    <subfield code="u">gsi</subfield>
  </datafield>
  <datafield tag="700" ind1="1" ind2=" ">
    <subfield code="a">Forck, Peter</subfield>
    <subfield code="0">P:(DE-Ds200)OR0310</subfield>
    <subfield code="b">2</subfield>
    <subfield code="u">gsi</subfield>
  </datafield>
  <datafield tag="700" ind1="1" ind2=" ">
    <subfield code="a">Lorentz, Bernd</subfield>
    <subfield code="0">P:(DE-Ds200)OR9507</subfield>
    <subfield code="b">3</subfield>
    <subfield code="u">gsi</subfield>
  </datafield>
  <datafield tag="773" ind1=" " ind2=" ">
    <subfield code="a">10.1103/PhysRevAccelBeams.23.072801</subfield>
    <subfield code="g">Vol. 23, no. 7, p. 072801</subfield>
    <subfield code="0">PERI:(DE-600)2844143-6</subfield>
    <subfield code="n">7</subfield>
    <subfield code="p">072801</subfield>
    <subfield code="t">Physical review accelerators and beams</subfield>
    <subfield code="v">23</subfield>
    <subfield code="y">2020</subfield>
    <subfield code="x">2469-9888</subfield>
  </datafield>
  <datafield tag="856" ind1="4" ind2=" ">
    <subfield code="u">http://repository.gsi.de/record/238126/files/PhysRevAccelBeams.23.072801.pdf</subfield>
    <subfield code="y">OpenAccess</subfield>
  </datafield>
  <datafield tag="856" ind1="4" ind2=" ">
    <subfield code="u">http://repository.gsi.de/record/238126/files/PhysRevAccelBeams.23.072801.gif?subformat=icon</subfield>
    <subfield code="x">icon</subfield>
    <subfield code="y">OpenAccess</subfield>
  </datafield>
  <datafield tag="856" ind1="4" ind2=" ">
    <subfield code="u">http://repository.gsi.de/record/238126/files/PhysRevAccelBeams.23.072801.jpg?subformat=icon-1440</subfield>
    <subfield code="x">icon-1440</subfield>
    <subfield code="y">OpenAccess</subfield>
  </datafield>
  <datafield tag="856" ind1="4" ind2=" ">
    <subfield code="u">http://repository.gsi.de/record/238126/files/PhysRevAccelBeams.23.072801.jpg?subformat=icon-180</subfield>
    <subfield code="x">icon-180</subfield>
    <subfield code="y">OpenAccess</subfield>
  </datafield>
  <datafield tag="856" ind1="4" ind2=" ">
    <subfield code="u">http://repository.gsi.de/record/238126/files/PhysRevAccelBeams.23.072801.jpg?subformat=icon-640</subfield>
    <subfield code="x">icon-640</subfield>
    <subfield code="y">OpenAccess</subfield>
  </datafield>
  <datafield tag="909" ind1="C" ind2="O">
    <subfield code="o">oai:repository.gsi.de:238126</subfield>
    <subfield code="p">openaire</subfield>
    <subfield code="p">open_access</subfield>
    <subfield code="p">driver</subfield>
    <subfield code="p">VDB</subfield>
    <subfield code="p">ec_fundedresources</subfield>
    <subfield code="p">dnbdelivery</subfield>
  </datafield>
  <datafield tag="910" ind1="1" ind2=" ">
    <subfield code="a">GSI Helmholtzzentrum für Schwerionenforschung GmbH</subfield>
    <subfield code="0">I:(DE-Ds200)20121206GSI</subfield>
    <subfield code="k">GSI</subfield>
    <subfield code="b">0</subfield>
    <subfield code="6">P:(DE-Ds200)OR8112</subfield>
  </datafield>
  <datafield tag="910" ind1="1" ind2=" ">
    <subfield code="a">GSI Helmholtzzentrum für Schwerionenforschung GmbH</subfield>
    <subfield code="0">I:(DE-Ds200)20121206GSI</subfield>
    <subfield code="k">GSI</subfield>
    <subfield code="b">1</subfield>
    <subfield code="6">P:(DE-Ds200)OR3231</subfield>
  </datafield>
  <datafield tag="910" ind1="1" ind2=" ">
    <subfield code="a">GSI Helmholtzzentrum für Schwerionenforschung GmbH</subfield>
    <subfield code="0">I:(DE-Ds200)20121206GSI</subfield>
    <subfield code="k">GSI</subfield>
    <subfield code="b">2</subfield>
    <subfield code="6">P:(DE-Ds200)OR0310</subfield>
  </datafield>
  <datafield tag="910" ind1="1" ind2=" ">
    <subfield code="a">GSI Helmholtzzentrum für Schwerionenforschung GmbH</subfield>
    <subfield code="0">I:(DE-Ds200)20121206GSI</subfield>
    <subfield code="k">GSI</subfield>
    <subfield code="b">3</subfield>
    <subfield code="6">P:(DE-Ds200)OR9507</subfield>
  </datafield>
  <datafield tag="913" ind1="1" ind2=" ">
    <subfield code="a">DE-HGF</subfield>
    <subfield code="b">Forschungsbereich Materie</subfield>
    <subfield code="l">Großgeräte: Materie</subfield>
    <subfield code="1">G:(DE-HGF)POF4-6G0</subfield>
    <subfield code="0">G:(DE-HGF)POF4-6G12</subfield>
    <subfield code="3">G:(DE-HGF)POF4</subfield>
    <subfield code="2">G:(DE-HGF)POF4-600</subfield>
    <subfield code="4">G:(DE-HGF)POF</subfield>
    <subfield code="v">FAIR (GSI)</subfield>
    <subfield code="x">0</subfield>
  </datafield>
  <datafield tag="914" ind1="1" ind2=" ">
    <subfield code="y">2021</subfield>
  </datafield>
  <datafield tag="915" ind1=" " ind2=" ">
    <subfield code="a">DBCoverage</subfield>
    <subfield code="0">StatID:(DE-HGF)0200</subfield>
    <subfield code="2">StatID</subfield>
    <subfield code="b">SCOPUS</subfield>
    <subfield code="d">2021-05-04</subfield>
  </datafield>
  <datafield tag="915" ind1=" " ind2=" ">
    <subfield code="a">Creative Commons Attribution CC BY 4.0</subfield>
    <subfield code="0">LIC:(DE-HGF)CCBY4</subfield>
    <subfield code="2">HGFVOC</subfield>
  </datafield>
  <datafield tag="915" ind1=" " ind2=" ">
    <subfield code="a">JCR</subfield>
    <subfield code="0">StatID:(DE-HGF)0100</subfield>
    <subfield code="2">StatID</subfield>
    <subfield code="b">PHYS REV ACCEL BEAMS : 2019</subfield>
    <subfield code="d">2021-05-04</subfield>
  </datafield>
  <datafield tag="915" ind1=" " ind2=" ">
    <subfield code="a">DBCoverage</subfield>
    <subfield code="0">StatID:(DE-HGF)0501</subfield>
    <subfield code="2">StatID</subfield>
    <subfield code="b">DOAJ Seal</subfield>
    <subfield code="d">2021-05-04</subfield>
  </datafield>
  <datafield tag="915" ind1=" " ind2=" ">
    <subfield code="a">DBCoverage</subfield>
    <subfield code="0">StatID:(DE-HGF)0500</subfield>
    <subfield code="2">StatID</subfield>
    <subfield code="b">DOAJ</subfield>
    <subfield code="d">2021-05-04</subfield>
  </datafield>
  <datafield tag="915" ind1=" " ind2=" ">
    <subfield code="a">WoS</subfield>
    <subfield code="0">StatID:(DE-HGF)0113</subfield>
    <subfield code="2">StatID</subfield>
    <subfield code="b">Science Citation Index Expanded</subfield>
    <subfield code="d">2021-05-04</subfield>
  </datafield>
  <datafield tag="915" ind1=" " ind2=" ">
    <subfield code="a">DBCoverage</subfield>
    <subfield code="0">StatID:(DE-HGF)0150</subfield>
    <subfield code="2">StatID</subfield>
    <subfield code="b">Web of Science Core Collection</subfield>
    <subfield code="d">2021-05-04</subfield>
  </datafield>
  <datafield tag="915" ind1=" " ind2=" ">
    <subfield code="a">IF &lt; 5</subfield>
    <subfield code="0">StatID:(DE-HGF)9900</subfield>
    <subfield code="2">StatID</subfield>
    <subfield code="d">2021-05-04</subfield>
  </datafield>
  <datafield tag="915" ind1=" " ind2=" ">
    <subfield code="a">OpenAccess</subfield>
    <subfield code="0">StatID:(DE-HGF)0510</subfield>
    <subfield code="2">StatID</subfield>
  </datafield>
  <datafield tag="915" ind1=" " ind2=" ">
    <subfield code="a">Peer Review</subfield>
    <subfield code="0">StatID:(DE-HGF)0030</subfield>
    <subfield code="2">StatID</subfield>
    <subfield code="b">DOAJ : Peer review</subfield>
    <subfield code="d">2021-05-04</subfield>
  </datafield>
  <datafield tag="915" ind1=" " ind2=" ">
    <subfield code="a">DBCoverage</subfield>
    <subfield code="0">StatID:(DE-HGF)1150</subfield>
    <subfield code="2">StatID</subfield>
    <subfield code="b">Current Contents - Physical, Chemical and Earth Sciences</subfield>
    <subfield code="d">2021-05-04</subfield>
  </datafield>
  <datafield tag="915" ind1=" " ind2=" ">
    <subfield code="a">DBCoverage</subfield>
    <subfield code="0">StatID:(DE-HGF)0160</subfield>
    <subfield code="2">StatID</subfield>
    <subfield code="b">Essential Science Indicators</subfield>
    <subfield code="d">2021-05-04</subfield>
  </datafield>
  <datafield tag="915" ind1=" " ind2=" ">
    <subfield code="a">DBCoverage</subfield>
    <subfield code="0">StatID:(DE-HGF)0199</subfield>
    <subfield code="2">StatID</subfield>
    <subfield code="b">Clarivate Analytics Master Journal List</subfield>
    <subfield code="d">2021-05-04</subfield>
  </datafield>
  <datafield tag="920" ind1="1" ind2=" ">
    <subfield code="0">I:(DE-Ds200)BEA-20051214OR061</subfield>
    <subfield code="k">BEA</subfield>
    <subfield code="l">Beam Diagnostics</subfield>
    <subfield code="x">0</subfield>
  </datafield>
  <datafield tag="920" ind1="1" ind2=" ">
    <subfield code="0">I:(DE-Ds200)STR-20121002OR239</subfield>
    <subfield code="k">STR</subfield>
    <subfield code="l">Speicherringe</subfield>
    <subfield code="x">1</subfield>
  </datafield>
  <datafield tag="980" ind1=" " ind2=" ">
    <subfield code="a">journal</subfield>
  </datafield>
  <datafield tag="980" ind1=" " ind2=" ">
    <subfield code="a">VDB</subfield>
  </datafield>
  <datafield tag="980" ind1=" " ind2=" ">
    <subfield code="a">I:(DE-Ds200)BEA-20051214OR061</subfield>
  </datafield>
  <datafield tag="980" ind1=" " ind2=" ">
    <subfield code="a">I:(DE-Ds200)STR-20121002OR239</subfield>
  </datafield>
  <datafield tag="980" ind1=" " ind2=" ">
    <subfield code="a">UNRESTRICTED</subfield>
  </datafield>
  <datafield tag="980" ind1="1" ind2=" ">
    <subfield code="a">FullTexts</subfield>
  </datafield>
</record>
</collection>